The Innate Immune Cells - Statistics

General Stats
  • This quiz has been taken 61 times
  • The average score is 6 of 8
Answer Stats
Hint Answer % Correct
From the Monocyte Macrophage
98%
Awakens the Adaptive Immune System Dendritic Cell
88%
From the bloodstream Neutrophil
88%
Releases Mediators Mast Cell
80%
Kills infected cells Natural Killer Cell
78%
Stimulates Inflamation responses Basophil
73%
Promotes Allergic Reactions Eosinophil
70%
A bunch of proteins Complement System
68%
No matching quizzes found
Score Distribution
Percent of People with Each Score
Percentile by Number Answered
Your Score History
You have not taken this quiz